000 00308nam a2200133Ia 4500
008 210210b1960 xxu||||| |||| 00| 0 eng d
082 _a917.04 SLOR
100 _aSLOANES (Eric).
245 _aReturn to Taos.
260 _aN Y
_bFunk & Wagnalls
_c1960
300 _a120
690 _aTravel
906 _a032030
999 _c83015
_d83015